Municipalities of Brindisi - Statistics

Statistiche generali
  • Questo quiz è stato fatto 7 volte
  • Il punteggio medio è 13 su 20
Statistiche sulle risposte
Risposta % Corretto
Brindisi
100%
Carovigno
80%
Fasano
80%
Mesagne
80%
Ostuni
80%
San Vito dei Normanni
80%
Ceglie Messapica
60%
Cellino San Marco
60%
Cisternino
60%
Erchie
60%
Francavilla Fontana
60%
Latiano
60%
Oria
60%
San Donaci
60%
San Michele Salentino
60%
San Pancrazio Salentino
60%
San Pietro Vernotico
60%
Torchiarolo
60%
Torre Santa Susanna
60%
Villa Castelli
60%
Nessun quiz corrispondente trovato
Distribuzione punteggi
Percentuale di utenti per punteggio
Percentile per numero di risposta
I tuoi punteggi nel tempo
Non hai fatto questo quiz